| 000 | 00423nam a2200181Ia 4500 | ||
|---|---|---|---|
| 001 | 16161 | ||
| 005 | 20260306170249.0 | ||
| 008 | 260306t2012||||xx |||||||||||||| ||und|| | ||
| 041 | _aESP | ||
| 082 |
_a347 _bL35 V. 2 |
||
| 100 |
_aMenéndez, Aurelio (dir.) _eAUT |
||
| 245 | 0 | _aLecciones de derecho mercantÃl | |
| 260 | _c2012 | ||
| 300 |
_a _c23 cm. |
||
| 650 | _aGEN | ||
| 654 | _aCAN | ||
| 942 |
_cLIB _dJUS _fJUS _2ddc _n |
||
| 999 |
_c16161 _d16161 |
||